[Event "Open Hradec Kralove 2019"]
[Site "Hradec Kralove"]
[Date "2019.10.31"]
[Round "7"]
[White "Jirasek, Pavel"]
[Black "Chkhaidze, Nikoloz"]
[Result "0-1"]
[WhiteElo "2310"]
[BlackElo "2333"]
[PlyCount "76"]
[EventDate "2019.10.26"]

1. c4 g6 2. Nf3 Bg7 3. g3 c5 4. Bg2 Nc6 5. Nc3 d6 6. a3 Bd7 7. Rb1 a5 8. O-O
Nh6 9. b3 Nf5 10. Bb2 Rb8 11. e3 Ne5 12. Ne1 h5 13. d4 cxd4 14. exd4 Ng4 15.
Nc2 O-O 16. h3 Nf6 17. a4 Qb6 18. Nb5 Bc6 19. Re1 Bxg2 20. Kxg2 e6 21. d5 exd5
22. Bxf6 Bxf6 23. Qxd5 Rfe8 24. Rxe8+ Rxe8 25. Re1 Rxe1 26. Nxe1 Be5 27. Nd3
Bxg3 28. c5 Qd8 29. Qxb7 dxc5 30. Nxc5 Bxf2 31. Ne4 Bd4 32. Qc6 Be5 33. Qc5 Bg7
34. b4 axb4 35. Qxb4 Qd3 36. Nf2 Qg3+ 37. Kf1 Qf3 38. Kg1 Be5 0-1

[Event "Open Hradec Kralove 2019"]
[Site "Hradec Kralove"]
[Date "2019.10.31"]
[Round "7"]
[White "Sorm, Daniel"]
[Black "Kratochvil, Vit"]
[Result "1-0"]
[WhiteElo "2299"]
[BlackElo "2197"]
[PlyCount "75"]
[EventDate "2019.10.26"]

1. d4 Nf6 2. c4 e6 3. Nc3 Bb4 4. e3 O-O 5. Bd3 c5 6. Nge2 d5 7. cxd5 cxd4 8.
exd4 Qxd5 9. O-O Qh5 10. Bf4 Nc6 11. a3 Be7 12. Qd2 Rd8 13. Rad1 e5 14. dxe5
Ng4 15. Qc2 Ngxe5 16. Be4 Be6 17. Ng3 Qh4 18. Bxe5 Nxe5 19. Bxb7 Rab8 20. Bd5
Ng4 21. h3 Ne3 22. fxe3 Qxg3 23. Rf3 Qe5 24. Bxe6 fxe6 25. Rxd8+ Bxd8 26. g3
Ba5 27. e4 Bb6+ 28. Kg2 Qc5 29. Rf1 Rf8 30. Qe2 Rxf1 31. Qxf1 Qe3 32. h4 h5 33.
Qf3 Qg1+ 34. Kh3 g6 35. e5 Bc7 36. Ne4 Bxe5 37. Ng5 Bg7 38. Qf7+ 1-0

[Event "Open Hradec Kralove 2019"]
[Site "Hradec Kralove"]
[Date "2019.10.31"]
[Round "7"]
[White "Swicarz, Maciej"]
[Black "Cap, Piotr"]
[Result "1-0"]
[WhiteElo "2356"]
[BlackElo "1953"]
[PlyCount "97"]
[EventDate "2019.10.26"]

1. d4 Nf6 2. Nc3 d5 3. Bg5 g6 4. Bxf6 exf6 5. e4 dxe4 6. Nxe4 Bg7 7. c3 O-O 8.
Bd3 Nd7 9. Ne2 f5 10. Nd2 b6 11. O-O Bb7 12. Nb3 Nf6 13. Qd2 Ng4 14. Qf4 h5 15.
Qg3 h4 16. Qh3 Qg5 17. g3 Bf6 18. Nf4 Kg7 19. f3 Ne3 20. Rfe1 Nd5 21. Nxd5 Bxd5
22. Qg2 hxg3 23. hxg3 f4 24. g4 Bxb3 25. axb3 Rae8 26. Re4 Rxe4 27. fxe4 Rh8
28. b4 Rh4 29. Be2 f3 30. Qxf3 Qd2 31. Rf1 Qg5 32. e5 Be7 33. Qxf7+ Kh6 34. Qf4
Kg7 35. Qf7+ Kh6 36. Qf4 Kg7 37. b5 Qxf4 38. Rxf4 Bg5 39. Rf1 Rh8 40. Ra1 Be3+
41. Kg2 Rf8 42. Bf3 Kh6 43. Rxa7 Kg5 44. Rxc7 Rh8 45. Rf7 Bf4 46. e6 Rh2+ 47.
Kg1 Rxb2 48. e7 Be3+ 49. Kf1 1-0

[Event "Open Hradec Kralove 2019"]
[Site "Hradec Kralove"]
[Date "2019.10.31"]
[Round "7"]
[White "Horak, Jan"]
[Black "Wiley, Tom E"]
[Result "1/2-1/2"]
[WhiteElo "2088"]
[BlackElo "2145"]
[PlyCount "71"]
[EventDate "2019.10.26"]

1. e4 c5 2. Nc3 Nc6 3. f4 g6 4. Nf3 Bg7 5. g3 Rb8 6. Bg2 b5 7. O-O b4 8. Ne2 d6
9. f5 Nf6 10. d3 gxf5 11. exf5 Bxf5 12. Nh4 Bd7 13. Nf4 h5 14. Nd5 Ne5 15. Bg5
Nxd5 16. Bxd5 Bg4 17. Qd2 Qd7 18. Rae1 Be6 19. Bxe6 fxe6 20. Qf4 Kd8 21. Qe4
Kc7 22. Ng6 Nxg6 23. Qxg6 Bd4+ 24. Be3 Rbg8 25. Qe4 Bxe3+ 26. Rxe3 e5 27. c3 h4
28. cxb4 Rg4 29. Qd5 Rxb4 30. Rc1 Rhb8 31. Rxe5 dxe5 32. Rxc5+ Kd8 33. Qg8+ Qe8
34. Qd5+ Qd7 35. Qg8+ Qe8 36. Qd5+ 1/2-1/2

[Event "Open Hradec Kralove 2019"]
[Site "Hradec Kralove"]
[Date "2019.10.31"]
[Round "7"]
[White "Bulockin, Martin"]
[Black "Kornitzky, Tino"]
[Result "1-0"]
[WhiteElo "2104"]
[BlackElo "2077"]
[PlyCount "101"]
[EventDate "2019.10.26"]

1. e4 e5 2. Nf3 Nc6 3. Nc3 Nf6 4. d4 exd4 5. Nxd4 Bc5 6. Be3 Bb6 7. Qd2 d6 8.
f3 Bd7 9. O-O-O Qe7 10. Kb1 O-O-O 11. Bc4 Ne5 12. Bb3 h6 13. Rhe1 Kb8 14. Nde2
Bxe3 15. Qxe3 Ng6 16. Nd4 a6 17. g3 Rhe8 18. Qd2 Qf8 19. a3 Bc8 20. Nd5 Nxd5
21. Bxd5 Ne5 22. f4 Nd7 23. Qc3 Nb6 24. Bb3 g6 25. a4 Be6 26. Bxe6 fxe6 27. Qb3
Rd7 28. a5 Nc8 29. Nxe6 Qf7 30. Nd4 Qxb3 31. Nxb3 Rde7 32. Nd2 Na7 33. c3 Nc6
34. b4 g5 35. Rf1 gxf4 36. gxf4 Rf7 37. Kc2 Ref8 38. f5 Ne5 39. Nf3 Ng4 40.
Rde1 d5 41. h3 Nf6 42. e5 Ne4 43. f6 Re8 44. Rg1 c6 45. Rg6 h5 46. Reg1 Kc8 47.
Rg7 Rff8 48. f7 Re7 49. e6 Nf6 50. Nd4 Kd8 51. R1g6 1-0

[Event "Open Hradec Kralove 2019"]
[Site "Hradec Kralove"]
[Date "2019.10.31"]
[Round "7"]
[White "Kersten, Julian"]
[Black "Sabuk, Piotr"]
[Result "0-1"]
[WhiteElo "2015"]
[BlackElo "2373"]
[PlyCount "98"]
[EventDate "2019.10.26"]

1. e4 c5 2. Nf3 d6 3. d4 cxd4 4. Nxd4 Nf6 5. Nc3 Bd7 6. Bg5 e6 7. f4 Nc6 8. Qd2
a6 9. O-O-O b5 10. a3 Qb6 11. Nxc6 Bxc6 12. Re1 O-O-O 13. Bxf6 gxf6 14. f5 h5
15. Kb1 Bh6 16. Qd3 Bf4 17. a4 bxa4 18. Qxa6+ Qxa6 19. Bxa6+ Kd7 20. Bb5 Bxb5
21. Nxb5 Rb8 22. c4 Rhc8 23. g3 Be5 24. Rc1 Rc5 25. Rhd1 Rbxb5 26. cxb5 Rxb5
27. Ka2 Rxb2+ 28. Ka3 Rxh2 29. Rh1 Rf2 30. fxe6+ Kxe6 31. Kxa4 f5 32. exf5+
Rxf5 33. Rh3 Kf6 34. Rc8 Kg7 35. Rc4 Rg5 36. Kb3 Bxg3 37. Kc2 h4 38. Kd2 Re5
39. Rh1 Kg6 40. Kd3 Kg5 41. Re4 f5 42. Ra4 f4 43. Ra6 f3 44. Rxd6 f2 45. Ra6
Kg4 46. Raa1 Kf3 47. Kd2 Kg2 48. Raf1 h3 49. Rb1 Re1 0-1

[Event "Open Hradec Kralove 2019"]
[Site "Hradec Kralove"]
[Date "2019.10.31"]
[Round "7"]
[White "Gloser, David"]
[Black "Weinzettl, Ernst"]
[Result "1/2-1/2"]
[WhiteElo "1998"]
[BlackElo "2175"]
[PlyCount "51"]
[EventDate "2019.10.26"]

1. e4 e6 2. d4 d5 3. e5 c5 4. c3 Nc6 5. Nf3 Bd7 6. Be2 Nge7 7. O-O Ng6 8. Na3
Be7 9. Nc2 O-O 10. Re1 cxd4 11. cxd4 f6 12. Bd3 Qe8 13. exf6 Bxf6 14. Bg5 Bxg5
15. Nxg5 h6 16. Nf3 Nf4 17. Bf1 Qg6 18. Kh1 Be8 19. g3 Nh5 20. Bg2 Qf7 21. Qe2
Nf6 22. Kg1 Ne4 23. Rf1 Qc7 24. Ne5 Nxe5 25. dxe5 Rc8 26. Na3 1/2-1/2

[Event "Open Hradec Kralove 2019"]
[Site "Hradec Kralove"]
[Date "2019.10.31"]
[Round "7"]
[White "Bullen, Alex"]
[Black "Schoenbeck, Stephan"]
[Result "1/2-1/2"]
[WhiteElo "2139"]
[BlackElo "1937"]
[PlyCount "169"]
[EventDate "2019.10.26"]

1. d4 Nf6 2. Nf3 g6 3. Nbd2 Bg7 4. e4 d6 5. Bd3 O-O 6. O-O Nbd7 7. Re1 e5 8.
dxe5 dxe5 9. Nc4 Re8 10. a4 Nh5 11. Bg5 Bf6 12. Be3 Qe7 13. Bf1 Nf8 14. Ra3 Bg4
15. Be2 Rad8 16. Qc1 a6 17. a5 Bd7 18. Rb3 Bc6 19. Bd3 Nd7 20. Rc3 Ng7 21. Ncd2
Ne6 22. Bxa6 Ra8 23. Bd3 Rxa5 24. Nc4 Ra4 25. Ra3 Rxa3 26. Nxa3 Nd4 27. Nd2 Bg5
28. c3 Ne6 29. g3 Kg7 30. Nf3 Bxe3 31. Qxe3 Nec5 32. Bc2 Nf6 33. Nc4 Ng4 34.
Qg5 Qxg5 35. Nxg5 b6 36. f3 h6 37. Nxf7 Kxf7 38. fxg4 Ke6 39. b4 Nd7 40. Ne3
Ra8 41. Bb3+ Ke7 42. Bd5 Bxd5 43. Nxd5+ Kd8 44. Rd1 Kc8 45. Ne7+ Kd8 46. Nxg6
Ke8 47. Rd5 Ra3 48. c4 Re3 49. Nxe5 Nf6 50. Rd4 Nxe4 51. Ng6 Ng5 52. Kf2 Rb3
53. b5 Rb2+ 54. Ke3 Rxh2 55. Nh4 Rc2 56. Nf5 Rc3+ 57. Ke2 Rc2+ 58. Kd3 Rh2 59.
Rf4 Kd7 60. Ng7 Rg2 61. Nh5 Kd6 62. Rf6+ Ke5 63. Rf5+ Kd6 64. Rf6+ Ke5 65. Rxh6
Ra2 66. Kc3 Ne6 67. Kb3 Rf2 68. Nf4 Nc5+ 69. Ka3 Rf3+ 70. Ka2 Rxg3 71. Nd5 Rxg4
72. Nxc7 Kd4 73. Rxb6 Kxc4 74. Rc6 Rg2+ 75. Kb1 Kb4 76. b6 Nb7 77. Nd5+ Kb5 78.
Rc7 Ka6 79. Rc6 Kb5 80. Rh6 Kc5 81. Nc3 Na5 82. Ne4+ Kb5 83. Nd6+ Kxb6 84. Nc4+
Kb5 85. Nxa5 1/2-1/2

[Event "Open Hradec Kralove 2019"]
[Site "Hradec Kralove"]
[Date "2019.10.31"]
[Round "7"]
[White "Kalveus, Jan"]
[Black "Yakimenko, Alexander A"]
[Result "0-1"]
[WhiteElo "1777"]
[BlackElo "2124"]
[PlyCount "64"]
[EventDate "2019.10.26"]

1. d4 e6 2. c4 f5 3. g3 Nf6 4. Nf3 c6 5. Bg2 Be7 6. Nc3 d5 7. cxd5 exd5 8. Ne5
O-O 9. O-O Nbd7 10. f4 Nxe5 11. fxe5 Ne4 12. e3 Qe8 13. Ne2 g5 14. a3 b6 15.
Bd2 Ba6 16. g4 fxg4 17. Rxf8+ Qxf8 18. Bxe4 dxe4 19. Qb3+ Qf7 20. Qxf7+ Kxf7
21. Rf1+ Ke6 22. Rf2 Bxe2 23. Rxe2 Rf8 24. a4 a5 25. Be1 h5 26. Kg2 Rf3 27. Bf2
Kd5 28. Rc2 h4 29. b3 Bb4 30. Re2 c5 31. Be1 cxd4 32. Bxb4 d3 0-1

[Event "Open Hradec Kralove 2019"]
[Site "Hradec Kralove"]
[Date "2019.10.31"]
[Round "7"]
[White "Marinc, Damir"]
[Black "Vitova, Anna"]
[Result "1/2-1/2"]
[WhiteElo "1874"]
[BlackElo "1920"]
[PlyCount "84"]
[EventDate "2019.10.26"]

1. Nf3 Nf6 2. b3 Nc6 3. Bb2 d6 4. d4 Bf5 5. a3 e6 6. Nbd2 d5 7. e3 Bd6 8. c4
O-O 9. Be2 Re8 10. O-O Nd7 11. Re1 Qf6 12. Nf1 Be4 13. N3d2 Qg6 14. Nxe4 dxe4
15. f4 f5 16. Bh5 Qh6 17. Bxe8 Rxe8 18. d5 Ne7 19. b4 exd5 20. c5 Bxf4 21. exf4
Qxf4 22. Qd2 Qh4 23. Qf2 Qh6 24. Re3 f4 25. Rh3 Qg5 26. Qd4 c6 27. Re1 Nf5 28.
Qf2 Ne5 29. Bxe5 Rxe5 30. Kh1 h6 31. g3 f3 32. Ne3 Nxe3 33. Rxe3 d4 34. Re1 Qf5
35. g4 Qf4 36. Qxd4 Rd5 37. Qc4 Qd2 38. Qf1 Qc2 39. Rc1 Qb2 40. Re1 Qc2 41. Rc1
Qb2 42. Re1 Qc2 1/2-1/2

[Event "Open Hradec Kralove 2019"]
[Site "Hradec Kralove"]
[Date "2019.10.31"]
[Round "7"]
[White "Solc, Filip"]
[Black "Kraus, Ondrej"]
[Result "1/2-1/2"]
[WhiteElo "2073"]
[BlackElo "1918"]
[PlyCount "67"]
[EventDate "2019.10.26"]

1. e4 c5 2. Nf3 e6 3. d4 cxd4 4. Nxd4 Nf6 5. Nc3 Bb4 6. Bd3 Nc6 7. Nxc6 dxc6 8.
O-O e5 9. h3 h6 10. Be3 Qe7 11. Qe2 O-O 12. Kh1 Bc5 13. Bd2 Bd6 14. Rae1 Bd7
15. f4 Nh7 16. f5 Qd8 17. Qg4 Kh8 18. Ne2 Nf6 19. Qh4 Be7 20. Qg3 Bd6 21. Qf3
Nh7 22. g4 b5 23. Ng1 Be7 24. Bc3 f6 25. Rd1 Qc7 26. Bd2 c5 27. c3 c4 28. Bc2
Bc6 29. h4 Rfd8 30. Nh3 Rd6 31. Be3 Rxd1 32. Rxd1 Rd8 33. Rg1 Rd6 34. Qe2
1/2-1/2

[Event "Open Hradec Kralove 2019"]
[Site "Hradec Kralove"]
[Date "2019.10.31"]
[Round "7"]
[White "Trasak, Ondrej"]
[Black "Zacek, Petr"]
[Result "0-1"]
[WhiteElo "1984"]
[BlackElo "1889"]
[PlyCount "144"]
[EventDate "2019.10.26"]

1. d4 Nf6 2. Bf4 d6 3. Nf3 g6 4. Nbd2 Bg7 5. e4 O-O 6. c3 Nbd7 7. Bc4 c6 8. O-O
b5 9. Bb3 Bb7 10. Qe2 a6 11. a4 Qc7 12. Rfe1 e5 13. dxe5 dxe5 14. Bg3 Nh5 15.
Nf1 Nxg3 16. Nxg3 Nc5 17. Bc2 Ne6 18. Qf1 Rfd8 19. Red1 Qb6 20. Bb3 Nc5 21. a5
Qc7 22. Bc2 Qe7 23. b4 Ne6 24. Bb3 c5 25. Bxe6 Qxe6 26. Rxd8+ Rxd8 27. Rd1 Rxd1
28. Qxd1 Bf6 29. h4 cxb4 30. cxb4 Be7 31. Ng5 Qc6 32. Nf3 Qd6 33. Qa1 f6 34.
Qc3 Qc6 35. Qd2 Bc8 36. h5 Qd6 37. Qc1 Be6 38. hxg6 hxg6 39. Nh4 Kg7 40. Qe3
Qd4 41. Qf3 Bxb4 42. Nhf5+ gxf5 43. Nh5+ Kf7 44. exf5 Bd5 45. Qh3 Ke7 46. Ng3
Be1 47. Qh7+ Bf7 48. Nh1 b4 49. Qh8 Qd8 50. Qh4 Qxa5 51. Qe4 Bc3 52. Qb7+ Kf8
53. Ng3 Qd8 54. Qxa6 b3 55. Ne4 Bd4 56. Nxf6 b2 57. Qa3+ Kg7 58. Qg3+ Kxf6 59.
Qh4+ Kxf5 60. Qxd8 b1=Q+ 61. Kh2 Qb7 62. f4 Qd5 63. Qg5+ Ke4 64. f5 Kd3 65. Qe7
e4 66. Qa3+ Bc3 67. Qa6+ Kd2 68. Qh6+ e3 69. Qg5 Be5+ 70. g3 Qf3 71. f6 Qxg3+
72. Kh1 Qh2# 0-1

[Event "Open Hradec Kralove 2019"]
[Site "Hradec Kralove"]
[Date "2019.10.31"]
[Round "7"]
[White "Svec, Ludek"]
[Black "Paldus, Petr"]
[Result "0-1"]
[WhiteElo "1587"]
[BlackElo "1982"]
[PlyCount "112"]
[EventDate "2019.10.26"]

1. d4 d5 2. Nf3 e6 3. g3 c5 4. c4 dxc4 5. Bg2 Nc6 6. O-O Nf6 7. Qa4 cxd4 8. Ne5
Bd7 9. Bxc6 Bxc6 10. Nxc6 Qd7 11. Qxc4 Qxc6 12. Qxd4 Bc5 13. Qh4 O-O 14. Nc3
Be7 15. Qa4 Qxa4 16. Nxa4 Rfd8 17. Nc3 Nd5 18. Bd2 Bf6 19. Ne4 Bxb2 20. Rab1
Nf6 21. Rxb2 Nxe4 22. Be3 b6 23. Rc1 Rac8 24. Rbc2 Rxc2 25. Rxc2 Nc5 26. f3 Rc8
27. Kf1 Kf8 28. Ke1 Ke7 29. Kd1 f6 30. Kc1 Rc7 31. Kb2 Na6 32. Rxc7+ Nxc7 33.
Kb3 Kd6 34. Bf2 Kc6 35. a4 e5 36. Kc4 a5 37. g4 Ne6 38. e4 Ng5 39. h4 Nxf3 40.
Bg3 Nd4 41. g5 Ne6 42. gxf6 gxf6 43. Bf2 h5 44. Be3 Ng7 45. Bh6 Ne8 46. Be3
Nd6+ 47. Kd3 Kd7 48. Bh6 b5 49. axb5 Nxb5 50. Bd2 a4 51. Kc4 Kc6 52. Bb4 a3 53.
Kb3 Nd6 54. Bxa3 Nxe4 55. Kc4 Nd6+ 56. Kd3 Nf5 0-1

[Event "Open Hradec Kralove 2019"]
[Site "Hradec Kralove"]
[Date "2019.10.31"]
[Round "7"]
[White "Syrkiewicz, Michal"]
[Black "Slabicki, Andrzej"]
[Result "1-0"]
[WhiteElo "1928"]
[BlackElo "1943"]
[PlyCount "67"]
[EventDate "2019.10.26"]

1. e4 Nf6 2. e5 Nd5 3. c4 Nb6 4. d4 d6 5. exd6 exd6 6. Nc3 Be7 7. Be3 O-O 8.
Nf3 Bf6 9. h3 Nc6 10. Be2 d5 11. c5 Nc4 12. Bxc4 dxc4 13. Ne4 Bf5 14. Nxf6+
Qxf6 15. Rc1 Nb4 16. Ne5 Nd3+ 17. Nxd3 Bxd3 18. Rc3 Qa6 19. a3 Qb5 20. Qd2 f5
21. Bf4 Rfe8+ 22. Be5 Rad8 23. Rxd3 cxd3 24. O-O Rxe5 25. dxe5 Qxc5 26. e6 Qe5
27. Re1 Qxe1+ 28. Qxe1 d2 29. Qd1 Kf8 30. Kf1 Ke7 31. Ke2 Kxe6 32. Qb3+ Ke7 33.
Kd1 b6 34. Qc3 1-0

[Event "Open Hradec Kralove 2019"]
[Site "Hradec Kralove"]
[Date "2019.10.31"]
[Round "7"]
[White "Pavlicek, Lukas"]
[Black "Drasnar, Lukas"]
[Result "1/2-1/2"]
[WhiteElo "1952"]
[BlackElo "1818"]
[PlyCount "75"]
[EventDate "2019.10.26"]

1. c4 e5 2. Nc3 c5 3. g3 Nc6 4. Bg2 g6 5. e4 d6 6. d3 Bg7 7. Nge2 Nge7 8. O-O
O-O 9. Nd5 Nxd5 10. cxd5 Ne7 11. Be3 Bd7 12. Qd2 a5 13. Bh6 f6 14. Bxg7 Kxg7
15. f4 Qb6 16. Rf2 Qb4 17. Nc3 h6 18. Raf1 Ng8 19. h3 g5 20. fxe5 fxe5 21. Qe2
Rf6 22. Rxf6 Nxf6 23. Nd1 Rf8 24. Ne3 Qd4 25. Kh2 b5 26. Nf5+ Bxf5 27. Rxf5 Rf7
28. b3 a4 29. Bf3 a3 30. h4 gxh4 31. gxh4 Qb2 32. Kh3 Qxe2 33. Bxe2 Ne8 34.
Rxf7+ Kxf7 35. Bh5+ Ke7 36. Bxe8 Kxe8 37. Kg4 Kf8 38. Kf5 1/2-1/2

[Event "Open Hradec Kralove 2019"]
[Site "Hradec Kralove"]
[Date "2019.11.01"]
[Round "8"]
[White "Chkhaidze, Nikoloz"]
[Black "Dambrauskas, Virginijus"]
[Result "1-0"]
[WhiteElo "2333"]
[BlackElo "2219"]
[PlyCount "89"]
[EventDate "2019.10.26"]

1. e4 c5 2. Nc3 Nc6 3. Bb5 Nd4 4. Nf3 Nxb5 5. Nxb5 a6 6. Nc3 d6 7. d4 cxd4 8.
Qxd4 Bg4 9. Bg5 h6 10. Bh4 Bxf3 11. gxf3 e5 12. Qa4+ Qd7 13. Qb3 g5 14. Bg3 Nf6
15. O-O-O Qc7 16. h4 Rg8 17. Rd3 Rc8 18. Kb1 b5 19. a4 bxa4 20. Qxa4+ Qc6 21.
Qa5 Be7 22. Rhd1 Kf8 23. Rc1 Rb8 24. b3 Kg7 25. hxg5 hxg5 26. Bxe5 dxe5 27.
Qxe5 Rb7 28. Qxg5+ Kf8 29. Qh6+ Ke8 30. e5 Rg6 31. Qh3 Ng8 32. f4 Rd7 33. f5
Rxd3 34. Qxd3 Rh6 35. f6 Nxf6 36. exf6 Rxf6 37. Nd5 Re6 38. Nxe7 Kxe7 39. Rd1
Qc7 40. Qd4 Qa5 41. Qh4+ Ke8 42. f4 Re2 43. f5 Re5 44. f6 Rh5 45. Qe4+ 1-0

[Event "Open Hradec Kralove 2019"]
[Site "Hradec Kralove"]
[Date "2019.11.01"]
[Round "8"]
[White "Swicarz, Maciej"]
[Black "Sorm, Daniel"]
[Result "1/2-1/2"]
[WhiteElo "2356"]
[BlackElo "2299"]
[PlyCount "52"]
[EventDate "2019.10.26"]

1. e4 c5 2. Nc3 Nc6 3. Bb5 e6 4. Bxc6 bxc6 5. d3 e5 6. f4 exf4 7. Bxf4 d5 8.
Nf3 Nf6 9. O-O Be7 10. e5 Nd7 11. Qe1 Nf8 12. Na4 Ne6 13. Be3 Ba6 14. b3 c4 15.
bxc4 dxc4 16. d4 O-O 17. a3 c5 18. Nxc5 Nxc5 19. dxc5 Qc7 20. c6 Rfe8 21. Qg3
Qxc6 22. Nd4 Qg6 23. Qxg6 hxg6 24. Nc6 Bb5 25. Nxe7+ Rxe7 26. Bd4 Ba4 1/2-1/2

[Event "Open Hradec Kralove 2019"]
[Site "Hradec Kralove"]
[Date "2019.11.01"]
[Round "8"]
[White "Yakimenko, Alexander A"]
[Black "Bulockin, Martin"]
[Result "0-1"]
[WhiteElo "2124"]
[BlackElo "2104"]
[PlyCount "90"]
[EventDate "2019.10.26"]

1. e4 c5 2. Nf3 d6 3. Bb5+ Bd7 4. a4 Nc6 5. O-O Nf6 6. Re1 e5 7. c3 a6 8. Bf1
Bg4 9. Na3 Be7 10. Nc4 O-O 11. d3 Re8 12. h3 Bh5 13. g4 Bg6 14. Nh4 Nd7 15. Nf5
Bxf5 16. exf5 d5 17. Ne3 d4 18. Nd5 Nb6 19. Nxe7+ Qxe7 20. Qb3 Qc7 21. Bg5 Na5
22. Qa2 dxc3 23. bxc3 c4 24. dxc4 Nbxc4 25. Bg2 f6 26. Bd5+ Kh8 27. Bc1 Rad8
28. Be6 Rd3 29. Qc2 Red8 30. Be3 Nd2 31. Red1 Nf3+ 32. Kg2 e4 33. Rh1 Rxe3 34.
fxe3 Rd2+ 35. Qxd2 Nxd2 36. Rad1 Nac4 37. Kf2 g6 38. Bxc4 Nxc4 39. Rd4 Ne5 40.
c4 Nd3+ 41. Kg2 Qa5 42. Kg3 Qd2 43. Rd8+ Kg7 44. Rd7+ Kh6 45. Rh2 Qe1+ 0-1

[Event "Open Hradec Kralove 2019"]
[Site "Hradec Kralove"]
[Date "2019.11.01"]
[Round "8"]
[White "Sabuk, Piotr"]
[Black "Horak, Jan"]
[Result "1/2-1/2"]
[WhiteElo "2373"]
[BlackElo "2088"]
[PlyCount "107"]
[EventDate "2019.10.26"]

1. d4 e6 2. c4 c5 3. d5 exd5 4. cxd5 d6 5. Nc3 g6 6. Nf3 Bg7 7. g3 Ne7 8. Bg2
O-O 9. O-O Na6 10. Nd2 Nc7 11. a4 a6 12. Nc4 Nf5 13. a5 Nb5 14. Na4 Re8 15.
Nab6 Rb8 16. Ra4 Bd7 17. e3 Nh6 18. Re1 f5 19. Bh3 Nf7 20. e4 Nd4 21. Nxd7 Qxd7
22. Kg2 Qe7 23. Bd2 fxe4 24. Be6 Nxe6 25. Rxe4 Qf6 26. dxe6 Rxe6 27. Bc3 Qe7
28. Rxe6 Qxe6 29. Ne3 Rf8 30. Qf3 Ng5 31. Qd5 Qxd5+ 32. Nxd5 Re8 33. Bf6 Ne4
34. Be7 Nd2 35. Bxd6 Bxb2 36. Ra2 Nc4 37. Rxb2 Nxb2 38. Nf6+ Kf7 39. Nxe8 Kxe8
40. Bxc5 Nc4 41. Bb4 Kd7 42. f4 Ke6 43. Kf3 h5 44. Ke4 b6 45. axb6 Nxb6 46. h3
Nd5 47. Bd2 Nf6+ 48. Kf3 Kd5 49. g4 hxg4+ 50. hxg4 Ne4 51. Bb4 Nf6 52. Be7 Nd7
53. Bd8 Nc5 54. Ke3 1/2-1/2

[Event "Open Hradec Kralove 2019"]
[Site "Hradec Kralove"]
[Date "2019.11.01"]
[Round "8"]
[White "Wiley, Tom E"]
[Black "Chudinovskikh, Alexander M"]
[Result "1-0"]
[WhiteElo "2145"]
[BlackElo "2159"]
[PlyCount "63"]
[EventDate "2019.10.26"]

1. d4 g6 2. c4 Bg7 3. e4 c5 4. d5 d6 5. h3 Nf6 6. Nc3 O-O 7. Bd3 e6 8. Nf3 exd5
9. exd5 Re8+ 10. Be3 a6 11. O-O b5 12. cxb5 Bb7 13. bxa6 Nxa6 14. Bb5 Re7 15.
Bc4 Ne4 16. Nxe4 Rxe4 17. Qc2 Re8 18. a3 Rb8 19. Rad1 Bc8 20. b3 Qa5 21. Bc1
Nc7 22. Bb2 Bf5 23. Qc1 f6 24. Rfe1 g5 25. Rxe8+ Rxe8 26. Qa1 Bc2 27. Rf1 Be4
28. Bxf6 Bxf3 29. Bxg7 Bxd5 30. Bh8 Re7 31. Qf6 Bxc4 32. Qxe7 1-0

[Event "Open Hradec Kralove 2019"]
[Site "Hradec Kralove"]
[Date "2019.11.01"]
[Round "8"]
[White "Kratochvil, Vit"]
[Black "Gloser, David"]
[Result "1/2-1/2"]
[WhiteElo "2197"]
[BlackElo "1998"]
[PlyCount "36"]
[EventDate "2019.10.26"]

1. e4 c6 2. d4 d5 3. Nc3 g6 4. Nf3 Bg7 5. h3 Nh6 6. Bd3 f6 7. Qe2 Nf7 8. e5 f5
9. a4 e6 10. g4 fxg4 11. hxg4 c5 12. dxc5 Nc6 13. Nb5 Ncxe5 14. Nxe5 Nxe5 15.
Nd6+ Kf8 16. Bh6 Bxh6 17. Rxh6 Qg5 18. Rh3 Kg7 1/2-1/2

[Event "Open Hradec Kralove 2019"]
[Site "Hradec Kralove"]
[Date "2019.11.01"]
[Round "8"]
[White "Weinzettl, Ernst"]
[Black "Schoenbeck, Stephan"]
[Result "1/2-1/2"]
[WhiteElo "2175"]
[BlackElo "1937"]
[PlyCount "38"]
[EventDate "2019.10.26"]

1. e4 e5 2. Nc3 Nf6 3. f4 d5 4. fxe5 Nxe4 5. Qf3 Nxc3 6. dxc3 Be6 7. Bf4 Nd7 8.
O-O-O c6 9. Ne2 Qa5 10. a3 O-O-O 11. Nd4 Nc5 12. Bd3 g6 13. Bg5 Rd7 14. Rhe1
Qb6 15. Qg3 Na4 16. Nb3 c5 17. c4 Bg7 18. cxd5 Rxd5 19. Qh4 Rxe5 1/2-1/2

[Event "Open Hradec Kralove 2019"]
[Site "Hradec Kralove"]
[Date "2019.11.01"]
[Round "8"]
[White "Cap, Piotr"]
[Black "Bullen, Alex"]
[Result "1/2-1/2"]
[WhiteElo "1953"]
[BlackElo "2139"]
[PlyCount "57"]
[EventDate "2019.10.26"]

1. d4 d5 2. Bf4 Nf6 3. Nf3 c5 4. e3 Nc6 5. c3 Qb6 6. Qb3 c4 7. Qxb6 axb6 8. h3
e6 9. g4 b5 10. Bg2 b4 11. O-O b5 12. cxb4 Bxb4 13. Ne5 Nxe5 14. Bxe5 Bb7 15.
Nc3 Bxc3 16. bxc3 Ra3 17. Rfc1 Kd7 18. g5 Ne4 19. Bxe4 dxe4 20. Bxg7 Rha8 21.
Rc2 Bd5 22. Kg2 Kc6 23. Kg3 b4 24. cxb4 Kb5 25. Bf6 R8a7 26. Bg7 Ra8 27. Bf6
R8a7 28. Be5 R7a6 29. Bf6 1/2-1/2

[Event "Open Hradec Kralove 2019"]
[Site "Hradec Kralove"]
[Date "2019.11.01"]
[Round "8"]
[White "Bartos, Jan"]
[Black "Marinc, Damir"]
[Result "1-0"]
[WhiteElo "2138"]
[BlackElo "1874"]
[PlyCount "99"]
[EventDate "2019.10.26"]

1. d4 e6 2. Nf3 d5 3. c4 c6 4. Nbd2 Nf6 5. e3 Nbd7 6. Bd3 Bd6 7. O-O O-O 8. e4
dxe4 9. Nxe4 Nxe4 10. Bxe4 Nf6 11. Bc2 Qc7 12. c5 Bf4 13. g3 Bxc1 14. Rxc1 Qe7
15. Ne5 Rd8 16. Qd3 g6 17. Rfd1 Bd7 18. a3 Be8 19. Qf3 Kg7 20. b4 a5 21. bxa5
Rxa5 22. Nc4 Ra7 23. Rb1 Nd5 24. Rb3 h5 25. h4 Nc7 26. Nd6 Rxd6 27. cxd6 Qxd6
28. Qc3 Nd5 29. Qc5 Qb8 30. Be4 b5 31. Bxd5 cxd5 32. Rc1 Bd7 33. Rcc3 Rb7 34.
Rb1 Ra7 35. Rbc1 Rb7 36. Qe7 Bc6 37. Qg5 Bd7 38. Rf3 Be8 39. Qf6+ Kh7 40. Rfc3
Qd6 41. Rc8 Qe7 42. Qxe7 Rxe7 43. Rd8 f6 44. Rcc8 Bf7 45. Rb8 e5 46. dxe5 fxe5
47. Rxb5 d4 48. f4 exf4 49. gxf4 Bc4 50. Re5 1-0

[Event "Open Hradec Kralove 2019"]
[Site "Hradec Kralove"]
[Date "2019.11.01"]
[Round "8"]
[White "Kornitzky, Tino"]
[Black "Syrkiewicz, Michal"]
[Result "1-0"]
[WhiteElo "2077"]
[BlackElo "1928"]
[PlyCount "97"]
[EventDate "2019.10.26"]

1. d4 d5 2. c4 dxc4 3. Nf3 Nf6 4. e3 e6 5. Bxc4 c5 6. O-O a6 7. dxc5 Qxd1 8.
Rxd1 Bxc5 9. Be2 Nc6 10. a3 b5 11. b4 Be7 12. Bb2 Bb7 13. Nbd2 O-O 14. Nb3 Rfd8
15. Nfd4 Nxd4 16. Bxd4 Bd5 17. Na5 Rdc8 18. f3 Bd8 19. e4 Bxa5 20. exd5 Bc7 21.
d6 Bd8 22. Rac1 Nd7 23. f4 Bb6 24. Bxb6 Nxb6 25. Bf3 Rxc1 26. Rxc1 Rd8 27. Rc6
Nc4 28. a4 Nxd6 29. a5 Kf8 30. Rxa6 Ke7 31. Rb6 Kd7 32. a6 Kc7 33. Rxd6 Kxd6
34. a7 e5 35. f5 e4 36. Bxe4 Ke5 37. a8=Q Rxa8 38. Bxa8 Kd4 39. Kf2 g6 40. f6
Kc4 41. Bc6 Kxb4 42. Bd5 Kc5 43. Bxf7 Kd6 44. Bb3 h6 45. Ke3 b4 46. Kd4 Kd7 47.
Kc5 Ke8 48. Kxb4 Kf8 49. Kc5 1-0

[Event "Open Hradec Kralove 2019"]
[Site "Hradec Kralove"]
[Date "2019.11.01"]
[Round "8"]
[White "Drasnar, Lukas"]
[Black "Solc, Filip"]
[Result "0-1"]
[WhiteElo "1818"]
[BlackElo "2073"]
[PlyCount "58"]
[EventDate "2019.10.26"]

1. e4 c5 2. c4 Nc6 3. Nc3 g6 4. g3 Bg7 5. Bg2 e6 6. Nge2 Nge7 7. d3 O-O 8. O-O
d6 9. Be3 Nd4 10. Qd2 Nec6 11. f4 a6 12. g4 f5 13. gxf5 gxf5 14. Ng3 Qh4 15.
exf5 Nxf5 16. Nxf5 Rxf5 17. Be4 Rh5 18. Qg2 Qh3 19. Rae1 Nb4 20. Qxh3 Rxh3 21.
Kg2 Rh5 22. Re2 Bd4 23. Bxd4 cxd4 24. Na4 d5 25. cxd5 exd5 26. Bf3 Bh3+ 27. Kg3
Bxf1 28. Bxh5 Bxe2 29. Bxe2 Re8 0-1